Most Famous Toy Companies By Logo - Statistics

General Stats
  • This quiz has been taken 58 times
  • The average score is 10 of 16
Answer Stats
Picture Answer % Correct
Lego
100%
Barbie
91%
Hasbro
91%
Nerf
89%
Mattel
87%
Crayola
85%
Playmobil
79%
Funko
77%
VTech
60%
Bandai Namco
49%
JAKKS Pacific
47%
Schleich
43%
Ravensburger
40%
Tomy
38%
Spin Master
34%
MGA Entertainment
28%
No matching quizzes found
Score Distribution
Percent of People with Each Score
Percentile by Number Answered
Your Score History
You have not taken this quiz